000 00491nam a22001937a 4500
003 OSt
005 20241029191014.0
008 241029b |||||||| |||| 00| 0 eng d
020 _a8177542524
040 _aDDC
_cMUST
082 _a630 PAN 2005
100 _aDr.Panda.S.C
_919304
245 _aAgronomy/
_cDr.Panda.S.C
260 _aIndia;
_bAgrobios,
_c2005.
300 _a833p.:
_bCol., ill;
_c24.5cm
504 _aIncludes references
650 _aAgronomy
_913993
942 _2ddc
_cO_SHELF
999 _c9465
_d9465